Foot-and-mouth the state we're in (Record no. 68147)

MARC details
000 -LEADER
fixed length control field 01033cam a2200229 4500
001 - CONTROL NUMBER
control field ABS64450
008 - FIXED-LENGTH DATA ELEMENTS--GENERAL INFORMATION
fixed length control field 010904n2001 000 0 eng u
035 ## - SYSTEM CONTROL NUMBER
System control number (Sirsi) u114422
100 ## - MAIN ENTRY--PERSONAL NAME
Personal name Douglas-Home, J
245 ## - TITLE STATEMENT
Title Foot-and-mouth the state we're in
260 ## - PUBLICATION, DISTRIBUTION, ETC.
Date of publication, distribution, etc. 2001
490 ## - SERIES STATEMENT
Series statement Country Life
Volume/sequential designation 195(5) 16 August 2001, 42-45(4)
520 ## - SUMMARY, ETC.
Summary, etc. Examines the foot and mouth crisis, looking at tactics which have worked and those which have not and studies the lessons learned. Looks at possible action by the government in controlling current and future outbreaks, improving communication with the rural community and encouraging a more positive attitude and positive reporting on the FMD controls and costs. Looks at the effect on rural communities and businesses as well as farmers.
590 ## - LOCAL NOTE (RLIN)
Local note ABS
650 ## - SUBJECT ADDED ENTRY--TOPICAL TERM
Topical term or geographic name entry element FOOT-AND-MOUTH DISEASE
650 ## - SUBJECT ADDED ENTRY--TOPICAL TERM
Topical term or geographic name entry element LIVESTOCK FARMING
650 ## - SUBJECT ADDED ENTRY--TOPICAL TERM
Topical term or geographic name entry element CULLING POLICY
650 ## - SUBJECT ADDED ENTRY--TOPICAL TERM
Topical term or geographic name entry element GOVERNMENT POLICY
650 ## - SUBJECT ADDED ENTRY--TOPICAL TERM
Topical term or geographic name entry element RURAL ISSUES
690 ## - LOCAL SUBJECT ADDED ENTRY--TOPICAL TERM (OCLC, RLIN)
Topical term or geographic name as entry element RURAL-AGRICULTURE AND FORESTRY
942 ## - ADDED ENTRY ELEMENTS (KOHA)
Suppress in OPAC 0
Holdings
Withdrawn status Lost status Source of classification or shelving scheme Damaged status Not for loan Home library Current library Shelving location Date acquired Total Checkouts Full call number Barcode Date last seen Copy number Price effective from Koha item type
    Dewey Decimal Classification     London London Journal article 04/09/2001   ABS64450 114422-1001 06/08/2019 1 06/08/2019 Journal article